Manual sobre cheques

Gardado en:
Detalles Bibliográficos
Autor Principal: Zalazar Berguño, Jorge (Author)
Formato: Libro
Idioma:Lingua castelá
Publicado: Santiago Jurídica de Chile 1982
Edición:4a. ed
Subjects:
Tags: Engadir etiqueta
Sen Etiquetas, Sexa o primeiro en etiquetar este rexistro!

MARC

LEADER 00000nam a2200000 a 4500
001 UCS2161
003 CL-VaPUC
008 970516e19820000CL |||||||||||||||||spa|d
082 0 4 |a 346.096  |b ZAL  |2 21 
100 0 |a Zalazar Berguño, Jorge  |e author  |9 387260 
245 1 0 |a Manual sobre cheques 
250 |a 4a. ed 
300 |a 113 p 
942 |c BK 
945 |d 19970516 00:00:00  |a lriquelm 
260 |a Santiago  |b Jurídica de Chile  |c 1982 
650 0 |a Derecho comercial   |9 256340 
650 0 |a Cheque  |9 257249 
650 7 |a ENDOSO  |2 CL-VaPUC  |9 387261 
650 7 |a PROTESTO DE LETRA DE CAMBIO  |2 CL-VaPUC  |9 387262 
651 7 |a CHILE  |2 CL-VaPUC  |9 387263 
583 |a last modification  |c 19970516 00:00:00  |k Rodrigo Vera 
999 |c 260152  |d 260150 
952 |0 0  |1 0  |4 0  |6 346_096000000000000_ZAL_1982  |7 0  |8 A  |9 285798  |a BIBDER  |b BIBDER  |d 2019-11-19  |i 185657K  |o 346.096 ZAL 1982  |p 185657K  |r 2023-01-25  |w 2019-11-19  |y BK  |k DER